Clinical nursing skills & techniques. / (Record no. 7955)

MARC details
000 -LEADER
fixed length control field 01628pam a2200313 a 4500
001 - CONTROL NUMBER
control field 16527309
003 - CONTROL NUMBER IDENTIFIER
control field OSt
005 - DATE AND TIME OF LATEST TRANSACTION
control field 20211110100903.0
008 - FIXED-LENGTH DATA ELEMENTS--GENERAL INFORMATION
fixed length control field 101101s2010 moua b 001 0 eng
010 ## - LIBRARY OF CONGRESS CONTROL NUMBER
LC control number 2010485693
020 ## - INTERNATIONAL STANDARD BOOK NUMBER
International Standard Book Number 9780323052894
040 ## - CATALOGING SOURCE
Original cataloging agency DLC
Transcribing agency DLC
Modifying agency DLC
042 ## - AUTHENTICATION CODE
Authentication code pcc
050 00 - LIBRARY OF CONGRESS CALL NUMBER
Classification number RT51.P36
100 1# - MAIN ENTRY--PERSONAL NAME
Personal name Perry, Anne Griffin.
245 10 - TITLE STATEMENT
Title Clinical nursing skills & techniques. /
Statement of responsibility, etc. Anne Griffin Perry, Patricia A. Potter.
246 3# - VARYING FORM OF TITLE
Title proper/short title Clinical nursing skills and techniques
250 ## - EDITION STATEMENT
Edition statement 7th ed.
260 ## - PUBLICATION, DISTRIBUTION, ETC.
Place of publication, distribution, etc. St. Louis, Mo. :
Name of publisher, distributor, etc. Mosby/Elsevier,
Date of publication, distribution, etc. 2010.
300 ## - PHYSICAL DESCRIPTION
Extent xxxi, 1276 p. :
Other physical details col. ill. ;
504 ## - BIBLIOGRAPHY, ETC. NOTE
Bibliography, etc. note Includes bibliographical references and index.
505 ## - FORMATTED CONTENTS NOTE
Formatted contents note Contents: Supporting the client through the health system -- Vital signs and physical assessment -- Infection control -- Activity and mobility -- Safety and comfort -- Hygiene -- Medications -- Oxygenation -- Fluid balance -- Nutrition -- Elimination -- Care of the surgical client -- Dressings and wound care -- Home care -- Special procedures --
520 ## - SUMMARY, ETC.
Summary, etc. Clinical Nursing Skills & Techniques offers clear and comprehensive coverage of over 200 basic, intermediate and advanced skills. Features nearly 1,000 full-color photographs and drawings, a nursing process framework, step-by-step instructions with rationales, and a focus on critical thinking and evidence-based practice.
650 #0 - SUBJECT ADDED ENTRY--TOPICAL TERM
Topical term or geographic name entry element Nursing
Form subdivision Handbooks, manuals, etc.
700 1# - ADDED ENTRY--PERSONAL NAME
Personal name Potter, Patricia Ann.
906 ## - LOCAL DATA ELEMENT F, LDF (RLIN)
a 7
b cbc
c origcop
d 2
e ocip
f 20
g y-gencatlg
942 ## - ADDED ENTRY ELEMENTS (KOHA)
Source of classification or shelving scheme Library of Congress Classification
Koha item type Books
Holdings
Withdrawn status Lost status Source of classification or shelving scheme Damaged status Not for loan Home library Current library Shelving location Date acquired Total Checkouts Full call number Barcode Date last seen Price effective from Koha item type
    Library of Congress Classification     WISCONSIN INTERNATIONAL UNIVERSITY COLLEGE, GHANA KUMASI LIBRARY WISCONSIN INTERNATIONAL UNIVERSITY COLLEGE, GHANA KUMASI LIBRARY nursing 08/08/2019   RT51.P36(7e) KSN/443/19 10/11/2021 10/11/2021 Books

If you have any concerns or questions; kindly contact the library


© Powered by WIUC ICT DIRECTORATE